000 00871nam a2200217 a 4500
008 120416s1988 ||||||||||||||||| || u
020 _a0216922518
050 _aTH 2529 .C6 Cat
100 _aCattell, D
245 1 0 _aSpecialist floor finishes
246 _adesign and installation
260 _aLondon
_bBlackie & Son
_c1988
300 _ax, 134p. : ill.
350 _a0.00
650 _aFLOORING, TILE--DESIGN AND CONSTRUCTION
650 _aCONCRETE
650 _aFLOORS, CONCRETE--DESIGN AND CONSTRUCTION
650 _aINDUSTRIAL
995 _aMAIN LIBRARY OPEN ACCESS
_D0.00
_e721024
_FCBU-MAIN LIBRARY (Kitwe)
_H1
_I27.00
_jTH 2529.C6 Cat
_M1
_UAVAILABLE
_y015333
_ZMain Library Open Access Collection
995 _aMAIN LIBRARY OPEN ACCESS
_D0.00
_e722058
_FCBU-MAIN LIBRARY (Kitwe)
_H2
_I27.00
_jTH 2529.C6 Cat
_M2
_UAVAILABLE
_y015332
_ZMain Library Open Access Collection
999 _c76698
_d76698